000 00319 a2200157 4500
245 _aDiététique de l'enfant
100 _aAndré, G.
260 _c1983
300 _aX-276 p.
035 _a3106
035 _a8949
035 _a9056
999 _c17513
_d17513